| 000 | 01100naa a22003017a 4500 | ||
|---|---|---|---|
| 001 | BR8002572 | ||
| 003 | BR-BrBNA | ||
| 005 | 20240918174550.0 | ||
| 007 | ta | ||
| 008 | 230509b bl.||||| |||| 00| 0 por d | ||
| 040 |
_aBR-BrBNA _bpor _cBiblioteca Nacional de Agricultura |
||
| 041 | _a(Pt) | ||
| 072 |
_aE15 _b/G514 |
||
| 090 | _aE15 BR8002572 | ||
| 100 | 1 | _aCastro, J.K.L. de | |
| 111 | 1 |
_a9. Congresso Brasileiro de Cooperativismo _cBrasilia, DF (Brazil) _d15 Apr 1980 |
|
| 245 | 1 | _aCredito as cooperativas [Economia agricola; Politica economica; Credito rural; Brasil] | |
| 260 | 3 |
_aBrasilia, DF (Brasil): _c1980. |
|
| 500 | _aAnais do 9. Congresso Brasileiro de Cooperativismo Brasilia, DF (Brasil): 1980. p. 49-73 (BR8002572-AM)E15 | ||
| 650 | _aMicroeconomia | ||
| 650 | _aEconomia da producao | ||
| 650 | _aPolitica economica | ||
| 650 | _aCredito rural | ||
| 650 | _aCredito cooperativo | ||
| 773 | 0 |
_tAnais do 9. Congresso Brasileiro de Cooperativismo _wE15 BR8002572 _gBrasilia, DF (Brasil), 1980. p. 49-73 |
|
| 909 |
_a202404 _bLucia _c55 _dLucia Elande |
||
| 942 |
_cAM _2AGRIS |
||
| 999 |
_c312037 _d312037 |
||